00283nam a2200109Ia 4500008004100000100001900041245005200060260002500112650001200137942000700149999001700156190216s9999||||xx |||||||||||||| ||und|| aVictor Samerin 0aUs Imperialism Gangs Up With Forces Of Reaction bNovesti Press Agency aHistory cBK c19705d19705